Statystyki dla Pokémony i ich ewolucje II (Johto)

Kliknij tutaj aby rozwiązać quiz!

Ogólne statystyki

  • Ten quiz został rozwiązany 18 razy
  • Średni wynik to 8 z 10

Statystyki odpowiedzi

PokémonEwolucja% Poprawnych
Chikorita (II ewolucja)Meganium
100%
Mareep (II ewolucja)Ampharos
88%
Mareep (I ewolucja)Flaaffy
88%
Chikorita (I ewolucja)Bayleef
75%
Totodile (I ewolucja)Croconaw
75%
Cyndaquil (I ewolucja)Quilava
75%
Hoppip (I ewolucja)Skiploom
75%
Totodile (II ewolucja)Feraligatr
69%
Hoppip (II ewolucja)Jumpluff
69%
Cyndaquil (II ewolucja)Typhlosion
69%

Rozkład punktacji

Percentyl według liczby udzielonych odpowiedzi

Procent ludzi z każdym wynikiem

Twoja historia wyników

Nie rozwiązałeś tego quizu